Проектирование стружечных канавок развёрток; Справочник. Инженерный журнал; № 11

Detalles Bibliográficos
Parent link:Справочник. Инженерный журнал: научно-технический и производственный журнал.— , 2000-.— 0203-347X
№ 11.— 2003.— С. 36-44
Autor principal: Малевский Н. П.
Otros Autores: Мурзаев А. В.
Lenguaje:ruso
Publicado: 2003
Colección:Металлорежущие инструменты
Materias:
Formato: MixedMaterials Capítulo de libro
KOHA link:https://koha.lib.tpu.ru/cgi-bin/koha/opac-detail.pl?biblionumber=389525

MARC

LEADER 00000naa2a2200000 4500
001 389525
005 20231101063858.0
035 |a (RuTPU)RU\TPU\prd\21861 
090 |a 389525 
100 |a 20040127a2003 k y0rusy50 ca 
101 0 |a rus 
102 |a RU 
200 1 |a Проектирование стружечных канавок развёрток  |f Н. П. Малевский, А. В. Мурзаев 
225 1 |a Металлорежущие инструменты 
311 |a Продолжение. Начало: 2003, №10. 
320 |a Библиогр.: 6 назв. 
461 1 |0 (RuTPU)RU\TPU\prd\1723  |x 0203-347X  |t Справочник. Инженерный журнал  |o научно-технический и производственный журнал  |d 2000- 
463 1 |0 (RuTPU)RU\TPU\prd\20875  |t № 11  |v С. 36-44  |d 2003 
610 1 |a стружечные канавки 
610 1 |a проектирование 
610 1 |a графическое профилирование 
610 1 |a аналитические расчёты 
610 1 |a цилиндрические развёртки 
610 1 |a алгоритмы расчётов 
700 1 |a Малевский  |b Н. П. 
701 1 |a Мурзаев  |b А. В. 
801 1 |a RU  |b 63413507  |c 20040127  |g PSBO 
801 2 |a RU  |b 63413507  |c 20140116  |g PSBO 
942 |c BK